[Event "British Universities-ch"]
[Site "Leicester"]
[Date "2024.02.25"]
[Round "?"]
[White "Jain, Gautam"]
[Black "Petr, Jan1"]
[Result "0-1"]
[WhiteElo "1837"]
[BlackElo "2182"]
[PlyCount "118"]
[EventDate "2024.02.24"]
[EventType "team-swiss (rapid)"]
[EventRounds "9"]
[EventCountry "ENG"]
[SourceTitle "CB11_2024"]
[SourceDate "2024.03.13"]
[SourceVersion "1"]
[SourceVersionDate "2024.03.13"]
[SourceQuality "1"]
[WhiteTeam "Imperial"]
[BlackTeam "Cambridge"]
[WhiteTeamCountry "ENG"]
[BlackTeamCountry "ENG"]

1. e4 c5 2. Nc3 Nc6 3. f4 g6 4. Nf3 Bg7 5. Bc4 e6 6. 0-0 Nge7 7. Qe1 Nd4 8. Nxd4 cxd4 9. Nb5 d6 10. e5 dxe5 11. fxe5 0-0 12. d3 Nc6 13. Bf4 a6 14. Nd6 Qa5 15. Qe4 Qc5 16. Rae1 b5 17. Bb3 Bd7 18. Rf2 Na5 19. c3 Nxb3 20. axb3 dxc3 21. d4 Qd5 22. Qxd5 exd5 23. bxc3 a5 24. Bg5 a4 25. bxa4 bxa4 26. Be7 Rfb8 27. Rxf7 Be6 28. Rf2 a3 29. Ra2 Bh6 30. Rea1 Rb3 31. h3 Ra5 32. Bd8 Ra6 33. Be7 Bf4 34. Kf2 Rb2+ 35. Kf3 Rxa2 36. Rxa2 Bd2 37. Nb5 Ra5 38. Nxa3 Bxc3 39. Ke3 Ra4 40. Bc5 Bf5 41. g4 Be4 42. Rf2 Bb4 43. Bxb4 Rxb4 44. Nc2 Rb3+ 45. Kd2 Rd3+ 46. Kc1 Rxh3 47. e6 Rc3 48. e7 Rc8 49. Kb2 Re8 50. Rf8+ Rxf8 51. exf8Q+ Kxf8 52. g5 Bxc2 53. Kxc2 Kg7 54. Kb3 h6 55. gxh6+ Kxh6 56. Kb4 g5 57. Kc5 g4 58. Kxd5 g3 59. Ke6 g2 0-1

[Event "FIDE World Uni Rapid-A 1st"]
[Site "Tornelo INT"]
[Date "2021.03.20"]
[Round "3"]
[White "Jain, Gautam"]
[Black "Isha, Sharma"]
[Result "1/2-1/2"]
[WhiteElo "1900"]
[BlackElo "2256"]
[PlyCount "126"]
[EventDate "2021.03.20"]
[EventType "swiss (rapid)"]
[EventRounds "12"]
[EventCountry "NET"]
[SourceTitle "CBM 201 Extra"]
[Source "ChessBase"]
[SourceDate "2021.05.31"]
[SourceVersion "1"]
[SourceVersionDate "2021.05.31"]
[SourceQuality "1"]

1. e4 e6 2. d4 d5 3. Nd2 Nf6 4. e5 Nfd7 5. Bd3 c5 6. c3 Nc6 7. Ne2 cxd4 8. cxd4 f6 9. exf6 Nxf6 10. 0-0 Bd6 11. Nf3 Qc7 12. Bg5 0-0 13. Rc1 h6 14. Bh4 Bd7 15. Bb1 Qb6 16. Ng3 Bf4 17. Bxf6 Rxf6 18. Nh5 Bxc1 19. Nxf6+ gxf6 20. Qxc1 Kg7 21. Qf4 Rg8 22. Qd6 Bc8 23. g3 Qd8 24. Qf4 Qe7 25. Re1 Qb4 26. Qc7+ Qe7 27. Qf4 a6 28. a3 Qd8 29. Qg4+ Kh8 30. Qh5 Qf8 31. Qh4 Ne7 32. Qf4 Ng6 33. Bxg6 Rxg6 34. Nh4 Rg8 35. Rc1 Qg7 36. Qe3 Bd7 37. Rc7 Rc8 38. Rxc8+ Bxc8 39. Qc1 Bd7 40. Qf4 e5 41. dxe5 fxe5 42. Qd2 d4 43. Qd3 Bc6 44. Qg6 e4 45. Qxg7+ Kxg7 46. Nf5+ Kf6 47. Nxd4 Bd5 48. f4 exf3 49. Kf2 Kg5 50. Nxf3+ Kf5 51. h3 Ke4 52. Nh4 Bf7 53. Ng2 Kd3 54. g4 Kc2 55. Ne3+ Kxb2 56. Nf5 h5 57. Nd6 hxg4 58. hxg4 Bd5 59. Ke3 Kxa3 60. Kd4 Bf3 61. Kc5 b5 62. Nxb5+ axb5 63. Kxb5 Bxg4 1/2-1/2

[Event "London Classic op 10th"]
[Site "London"]
[Date "2018.12.16"]
[Round "9"]
[White "Fowler, Hugo"]
[Black "Jain, Gautam"]
[Result "0-1"]
[WhiteElo "1799"]
[BlackElo "1926"]
[PlyCount "50"]
[EventDate "2018.12.09"]
[EventType "swiss"]
[EventRounds "9"]
[EventCountry "ENG"]
[SourceTitle "EXT 2020"]
[Source "ChessBase"]
[SourceDate "2019.10.17"]
[SourceVersion "1"]
[SourceVersionDate "2019.10.17"]
[SourceQuality "1"]

1. e4 e5 2. Nf3 Nc6 3. Bc4 Nf6 4. d3 h6 5. 0-0 d6 6. a4 g5 7. Be3 Bg7 8. c3 g4 9. Nfd2 d5 10. exd5 Nxd5 11. Bc5 Be6 12. Re1 h5 13. Bb5 Nf4 14. d4 exd4 15. Re4 dxc3 16. Nxc3 Nd3 17. Ba3 Qd7 18. Qe2 0-0-0 19. Nc4 g3 20. hxg3 Bg4 21. Qe3 Bd4 22. Bxc6 bxc6 23. Qg5 Nxf2 24. Ne3 Nxe4 25. Nxe4 Qf5 0-1

[Event "London Classic op 10th"]
[Site "London"]
[Date "2018.12.14"]
[Round "6"]
[White "Jain, Gautam"]
[Black "Knudsen, Simon"]
[Result "0-1"]
[WhiteElo "1926"]
[BlackElo "2206"]
[PlyCount "62"]
[EventDate "2018.12.09"]
[EventType "swiss"]
[EventRounds "9"]
[EventCountry "ENG"]
[SourceTitle "CBM 187 Extra"]
[Source "ChessBase"]
[SourceDate "2018.11.04"]
[SourceVersion "1"]
[SourceVersionDate "2018.11.04"]
[SourceQuality "1"]

1. e4 g6 2. Nc3 Bg7 3. g3 c5 4. Bg2 Nc6 5. Nge2 e6 6. 0-0 Nge7 7. Nf4 d6 8. d3 Rb8 9. Be3 b5 10. Rb1 b4 11. Nce2 Qa5 12. c3 0-0 13. Qd2 Qxa2 14. Nh3 bxc3 15. Nxc3 Qb3 16. Bh6 Nd4 17. Qg5 f6 18. Qh4 Ba6 19. Ra1 Bxd3 20. Rxa7 Rf7 21. Rfa1 Qxb2 22. Nd1 Qb6 23. Ne3 Nec6 24. Ra8 Rff8 25. Rxb8 Rxb8 26. Bxg7 Kxg7 27. f4 Qb2 28. Rd1 Qe2 29. Nf2 Qxe3 30. e5 dxe5 31. Bxc6 e4 0-1

[Event "London Classic op"]
[Site "London"]
[Date "2017.12.03"]
[Round "2"]
[White "Jain, Gautam"]
[Black "Kalaiyalahan, Akshaya"]
[Result "1-0"]
[WhiteElo "1804"]
[BlackElo "2067"]
[PlyCount "71"]
[EventDate "2017.12.02"]
[EventType "swiss"]
[EventRounds "9"]
[EventCountry "ENG"]
[SourceTitle "CBM 182 Extra"]
[Source "ChessBase"]
[SourceDate "2018.02.23"]
[SourceVersion "1"]
[SourceVersionDate "2018.02.23"]
[SourceQuality "1"]

1. e4 c5 2. Nc3 Nc6 3. f4 g6 4. Nf3 Bg7 5. Bc4 e6 6. 0-0 Nge7 7. Qe1 0-0 8. d3 d5 9. Bb3 Na5 10. Bd2 b6 11. Qh4 dxe4 12. dxe4 Nec6 13. f5 Qxh4 14. Nxh4 Nxb3 15. axb3 exf5 16. exf5 Bf6 17. g3 Bd4+ 18. Kg2 Bb7 19. Kh3 Ne5 20. Nb5 f6 21. fxg6 hxg6 22. Bh6 g5 23. Nf5 g4+ 24. Kh4 Rfd8 25. Nfxd4 cxd4 26. Rxf6 Bf3 27. Re1 Nf7 28. Nc7 Nxh6 29. Rxh6 Kg7 30. Ree6 d3 31. Rhg6+ Kf7 32. Rgf6+ Kg7 33. Kg5 d2 34. Re7+ Kg8 35. Ne6 Rd5+ 36. Kh4 1-0

[Event "ENG Terafinal Challengers-B"]
[Site "Daventry"]
[Date "2017.08.13"]
[Round "5"]
[White "Stoyanov, Viktor"]
[Black "Jain, Gautam"]
[Result "1/2-1/2"]
[WhiteElo "177"]
[BlackElo "171"]
[PlyCount "79"]
[EventDate "2017.08.12"]
[EventType "swiss"]
[EventRounds "6"]
[EventCountry "ENG"]
[SourceTitle "CBM 179 Extra"]
[Source "ChessBase"]
[SourceDate "2017.08.23"]
[SourceVersion "1"]
[SourceVersionDate "2017.08.23"]
[SourceQuality "1"]

1. d4 f5 2. Bg5 Nf6 3. Bxf6 exf6 4. e3 d5 5. Nf3 Bd6 6. Bd3 0-0 7. Nbd2 Qe8 8. Qe2 Nc6 9. c3 a6 10. Bc2 b5 11. Bb3 Be6 12. 0-0 Na5 13. Bc2 Qh5 14. Rfe1 Nc4 15. Nxc4 dxc4 16. h3 Bd5 17. Bxf5 Qxf5 18. e4 Bxe4 19. Qxe4 Qxe4 20. Rxe4 Rfe8 21. Ree1 Kf7 22. Kf1 Rxe1+ 23. Rxe1 Re8 24. Ra1 Ke6 25. a4 Kd5 26. axb5 axb5 27. Ra5 Rb8 28. Ke2 Bf4 29. g3 Bd6 30. Nd2 Rb7 31. Nf1 Ke6 32. Ne3 f5 33. f4 g6 34. Kf3 b4 35. d5+ Kf6 36. Nxc4 bxc3 37. bxc3 Rb3 38. Nxd6 Rxc3+ 39. Kf2 cxd6 40. Ra6 1/2-1/2

[Event "BCF-ch U16"]
[Site "Llandudno"]
[Date "2017.08.05"]
[Round "7"]
[White "Jain, Gautam"]
[Black "Boswell, Jacob Connor"]
[Result "0-1"]
[WhiteElo "1812"]
[BlackElo "1914"]
[PlyCount "72"]
[EventDate "2017.07.30"]
[EventType "swiss"]
[EventRounds "7"]
[EventCountry "WLS"]
[SourceTitle "CBM 179 Extra"]
[Source "ChessBase"]
[SourceDate "2017.08.23"]
[SourceVersion "1"]
[SourceVersionDate "2017.08.23"]
[SourceQuality "1"]

1. e4 e5 2. Nf3 Nc6 3. Bb5 a6 4. Ba4 Nf6 5. Qe2 b5 6. Bb3 Be7 7. a4 b4 8. a5 d6 9. Qc4 d5 10. exd5 e4 11. Ng5 Ne5 12. Qd4 Bd6 13. Nxe4 Nxe4 14. Ba4+ Bd7 15. Bxd7+ Qxd7 16. Qxe4 0-0 17. 0-0 f5 18. Qh4 g5 19. Qxg5+ Kh8 20. Kh1 Rg8 21. Qf6+ Rg7 22. f4 Qb5 23. d3 Qxd5 24. Qxg7+ Kxg7 25. fxe5 Qxe5 26. Bf4 Qe2 27. Nc3 bxc3 28. Rae1 Qxc2 29. Bxd6 cxd6 30. Re7+ Kf6 31. Rfe1 d5 32. R1e6+ Kg5 33. h4+ Kf4 34. Kh2 cxb2 35. Re3 b1Q 36. Rg3 Qf1 0-1

[Event "Glorney Cup"]
[Site "Daventry"]
[Date "2016.07.18"]
[Round "4.10"]
[White "Gillies, Craig"]
[Black "Jain, Gautam"]
[Result "0-1"]
[WhiteElo "1630"]
[BlackElo "1838"]
[PlyCount "82"]
[EventDate "2016.07.17"]
[EventType "team-tourn"]
[EventRounds "5"]
[EventCountry "ENG"]
[SourceTitle "CBM 173 Extra"]
[Source "ChessBase"]
[SourceDate "2016.08.29"]
[SourceVersion "1"]
[SourceVersionDate "2016.08.29"]
[SourceQuality "1"]
[WhiteTeam "Scotland"]
[BlackTeam "England"]
[WhiteTeamCountry "SCO"]
[BlackTeamCountry "ENG"]

1. d4 f5 2. c4 Nf6 3. Nc3 e6 4. g3 Be7 5. Bg2 0-0 6. Nh3 d6 7. Qb3 e5 8. c5+ Kh8 9. Ng5 Qe8 10. Bxb7 Bxb7 11. Qxb7 Nc6 12. d5 Nd4 13. 0-0 Qh5 14. f3 f4 15. Qxc7 fxg3 16. hxg3 Ng4 17. fxg4 Rxf1+ 18. Kxf1 Qh1+ 19. Kf2 Qh2+ 20. Kf1 Rf8+ 21. Bf4 Bxg5 22. Qxd6 Rxf4+ 23. gxf4 Qxf4+ 24. Ke1 Qg3+ 25. Kf1 Qh3+ 26. Ke1 Qh1+ 27. Kf2 Qh2+ 28. Kf1 Qh3+ 29. Ke1 Nc2+ 30. Kd1 Ne3+ 31. Ke1 Qg3+ 32. Kd2 Nf5+ 33. Kd1 Nxd6 34. Kc2 Nb7 35. c6 Nd6 36. c7 Qxg4 37. e4 Qc8 38. Rf1 Kg8 39. Rf3 Qxc7 40. a4 Nxe4 41. Kb1 Nd2+ 0-1

[Event "London Golders Green op 4th"]
[Site "London"]
[Date "2014.08.25"]
[Round "6"]
[White "Calvert, David Ian"]
[Black "Jain, Gautam"]
[Result "1/2-1/2"]
[WhiteElo "1973"]
[BlackElo "1698"]
[PlyCount "120"]
[EventDate "2014.08.23"]
[EventType "swiss"]
[EventRounds "6"]
[EventCountry "ENG"]
[SourceTitle "EXT 2018"]
[Source "ChessBase"]
[SourceDate "2017.10.13"]
[SourceVersion "1"]
[SourceVersionDate "2017.10.13"]
[SourceQuality "1"]

1. b3 f5 2. Bb2 e6 3. e4 Nf6 4. exf5 exf5 5. Qe2+ Be7 6. Bxf6 gxf6 7. Qh5+ Kf8 8. Qxf5 d5 9. Qh5 Nc6 10. Nf3 Nb4 11. Na3 Nc6 12. Nb5 Nb4 13. Nbd4 c5 14. c3 cxd4 15. cxb4 Bxb4 16. Nxd4 Qe7+ 17. Qe2 Qc5 18. Qd3 Bg4 19. Be2 Re8 20. 0-0 Re4 21. Bxg4 Qxd4 22. Qxd4 Rxd4 23. Bf3 Rxd2 24. Rfd1 d4 25. Bxb7 Kg7 26. Ba6 Rd8 27. Rxd2 Bxd2 28. Rd1 Bc3 29. Rd3 Rd6 30. Bc4 f5 31. f4 Bb2 32. Rg3+ Kf6 33. Kf2 Bc1 34. Ke2 Bxf4 35. Rh3 h6 36. Kd3 Ke5 37. a4 a5 38. Rh5 Rg6 39. g3 Be3 40. Ke2 Rf6 41. Kf3 Kd6 42. Bd3 Kc5 43. Rxf5+ Rxf5+ 44. Bxf5 Kb4 45. Be6 Bc1 46. Ke4 Kc3 47. Bc4 Be3 48. g4 Bg5 49. h3 d3 50. Bxd3 Kxb3 51. Bb5 Kb4 52. Kf5 Kc5 53. Kg6 Kd6 54. Kh5 Ke7 55. h4 Bd2 56. Kg6 Kf8 57. Bc4 Bc1 58. Bd5 Bd2 59. g5 hxg5 60. hxg5 Bc3 1/2-1/2

[Event "BCF-ch U13"]
[Site "Aberystwyth"]
[Date "2014.07.26"]
[Round "7"]
[White "Cocks, Elliot"]
[Black "Jain, Gautam"]
[Result "0-1"]
[WhiteElo "100"]
[BlackElo "147"]
[PlyCount "138"]
[EventDate "2014.07.22"]
[EventType "swiss"]
[EventRounds "7"]
[EventCountry "WLS"]
[SourceTitle "CBM 161 Extra"]
[Source "ChessBase"]
[SourceDate "2014.08.29"]
[SourceVersion "1"]
[SourceVersionDate "2014.08.29"]
[SourceQuality "1"]

1. e4 e5 2. Nf3 Nc6 3. d4 exd4 4. Bc4 Nf6 5. 0-0 Nxe4 6. Re1 d5 7. Bxd5 Qxd5 8. Nc3 Qh5 9. Nxe4 Be6 10. Bg5 Bd6 11. Nxd6+ cxd6 12. Bf4 Qd5 13. c3 0-0 14. Nxd4 Nxd4 15. Qxd4 Qxd4 16. cxd4 d5 17. Rac1 Rac8 18. f3 Rc4 19. Be3 Rfc8 20. b3 Rc2 21. Rxc2 Rxc2 22. Rc1 Rxa2 23. Rc7 b6 24. h3 Kf8 25. Bf4 Ke8 26. Be5 f6 27. Bd6 Bd7 28. Rb7 Rd2 29. Bb8 a5 30. Ba7 Rxd4 31. Rxb6 Rd1+ 32. Kf2 Rb1 33. Ra6 Rb2+ 34. Kg3 Rxb3 35. Rxa5 Rd3 36. Ra6 Rd2 37. Rb6 d4 38. Rd6 d3 39. Be3 Rd1 40. Kf4 Bc8 41. Ke4 Ke7 42. Rd4 Bb7+ 43. Kf4 Bc8 44. Ke4 Ba6 45. Kf4 Re1 46. Bd2 Rd1 47. Be3 g5+ 48. Kf5 Bc8+ 49. Ke4 f5+ 50. Kd5 Bb7+ 51. Kc4 f4 52. Bxf4 gxf4 53. Rxf4 Ba6+ 54. Kc3 Rc1+ 55. Kd2 Rc2+ 56. Kd1 Rxg2 57. Rh4 Rg7 58. Rh6 Bb5 59. Rh4 Kd6 60. Kd2 Rg2+ 61. Ke3 Re2+ 62. Kd4 d2 63. Rh6+ Kc7 64. Rxh7+ Bd7 65. Rxd7+ Kxd7 66. Kc3 d1Q 67. Kc4 Rc2+ 68. Kb3 Qb1+ 69. Ka3 Ra2# 0-1

[Event "BCF-ch U13"]
[Site "Aberystwyth"]
[Date "2014.07.25"]
[Round "5"]
[White "Jain, Gautam"]
[Black "Kalavannan, Koby"]
[Result "1/2-1/2"]
[WhiteElo "147"]
[BlackElo "182"]
[PlyCount "93"]
[EventDate "2014.07.22"]
[EventType "swiss"]
[EventRounds "7"]
[EventCountry "WLS"]
[SourceTitle "CBM 161 Extra"]
[Source "ChessBase"]
[SourceDate "2014.08.29"]
[SourceVersion "1"]
[SourceVersionDate "2014.08.29"]
[SourceQuality "1"]

1. e4 c5 2. Nc3 e6 3. f4 a6 4. Nf3 d5 5. d3 Nf6 6. Be2 Nc6 7. 0-0 Be7 8. Qe1 0-0 9. Qf2 b5 10. e5 Nd7 11. Qg3 Qc7 12. f5 Ndxe5 13. Nxe5 Qxe5 14. fxe6 fxe6 15. Bf4 Qf6 16. Be3 Qg6 17. Qc7 Qe8 18. Qg3 Ra7 19. Bf4 b4 20. Nb1 Nd4 21. Bd1 Bf6 22. c3 Nb5 23. Ba4 Raf7 24. Bxb5 axb5 25. Nd2 bxc3 26. bxc3 Bxc3 27. Rac1 b4 28. a3 Bb2 29. Rxc5 Bd4+ 30. Be3 Rxf1+ 31. Nxf1 Rxf1+ 32. Kxf1 Qf8+ 33. Qf2 Qxc5 34. Bxd4 Qc1+ 35. Qe1 Qxe1+ 36. Kxe1 bxa3 37. Kd2 Ba6 38. Kc2 Kf7 39. Kb3 Bxd3 40. Kxa3 g5 41. Kb4 Kg6 42. Kc5 Be4 43. g3 Kh5 44. Kd6 Bf5 45. Bf6 Kg4 46. Ke5 h6 47. Bg7 1/2-1/2